Estatísticas para Filipinas

Clique aqui para jogar o quiz

Estatísticas Gerais

  • Esse quiz foi jogado 15 vezes
  • A pontuação média é 5 de 15

Estatísticas das Respostas

HintResposta% Correto
Onde fica?Ásia
100%
Qual é a sua capital?Manila
100%
Quantos grupos de ilhas têm?3
60%
Qual é a sua religião?Cristianismo
60%
Qual é o seu código ISO?PHL
50%
Qual é a sua cidade mais populosa?Cidade Quezon
30%
Qual é a sua moeda?Peso filipino
30%
Quem descobriu o país?Fernão de Magalhães
20%
Em que grupo de ilhas está localizada a capital?Luzon
20%
Qual é a rede de fast-food mais conhecida do país?Jollibee
10%
Quantas ilhas têm?7107
0%
Qual é o desporto mais popular?Basquetebol
0%
Qual é o seu prato típico?Kare-kare
0%
Qual é o ponto mais alto do país?Monte Apo
0%
Qual é o nome por qual os filipinos são tratados no mundo?Pinoys
0%

Distribuição das Pontuações

Percentil de Números Respondidos

Porcentagem de Pessoas com Cada Pontuação

Sua Pontuação Histórica

Você não jogou esse quiz